000 00805nam a22002297a 4500
003 OSt
005 20160623110429.0
008 130725t xxu||||| |||| 00| 0 eng d
020 _a7009704500
050 _aPZ 7
_b.D886 1977
082 _aKF Il6du
_b1977
245 _aThe three musketeers /
_cAlexandre Dumas.
260 _aNew York :
_bWaldman & Son,
_cc1977.
300 _a236 p.
_c14 cm.
520 _a"One for all and all for one!" was the rousing cry of the bold Musketeers and the young cadet, D'Artagnan. Follow their exciting adventure as they save the honor of the Queen and outwit the powerful Cardinal Richelieu and his murderous spies.
562 _e3
650 _a Adventure and adventures.
_94244
942 _2lcc
_cBK
999 _c7843
_d7843